000 01046nas a2200325 4500
001 BR0405431
003 BR-BrBNA
005 20231205104953.0
007 ta
008 230509b bl.|||p| |||| 00| 00por d
040 _aBR-BrBNA
_bpor
_cBiblioteca Nacional de Agricultura
041 _a(Pt)
072 _aF02; F04; F61
100 1 _aStringheta, A.C.O.
100 1 _aMartinez, H.P.
100 1 _aCardoso, A.A.
100 1 _aCosta, C.A. da
245 1 _aTeores foliares de macronutrientes em crisântemos cultivados em substratos contendo composto de lixo urbano e casca de arroz carbonizada
650 _aCRISÂNTEMO
650 _aPLANTA ORNAMENTAL
650 _aSUBSTRATO DE CULTURA
650 _aCASCA DE ARROZ
650 _aRESÍDUO
650 _aNUTRIÇÃO VEGETAL
650 _aMACROELEMENTO
650 _aVALOR NUTRITIVO
773 0 _tRevista Brasileira de Horticultura Ornamental (Brazil)
_xISSN 1414-039X
_g(2003), v. 9(2) p. 191-197
_wBR0405431
909 _a202311
_bLúcia
_c55
_dLúcia Elande
942 _2AGRIS
_n0
_cANA
999 _c180560
_d180560